Culture Générale - Série 2579 - Statistiques

Statistiques générales
  • Ce quiz a été pris 94 fois
  • Le résultat moyen est 4 sur 10
Statistiques - réponses
Question Réponse % Correct
En quelle année Coluche a-t-il créé les restos du coeur ? 1985
85%
Sur le drapeau de quel pays peut-on voir un condor ? voir photo Equateur
62%
Sur quelle île se trouve la commune d'Aléria ? Corse
52%
Objet, marchandise invendable. - Film inintéressant, médiocre ; navet.- 5 lettres nanar
43%
Autrefois, petit groupe de soldats commandé par un gradé - Petit groupe de personnes rassemblées autour de quelqu'un ou dirigées par quelqu'un - 8 lettres commençant et finissant par "e" escouade
30%
La commune de Marciac dans le Gers est connue pour son festival de____,de renommée internationale, qui a lieu chaque année jazz
29%
Ancien nom de l'oiseau hirondelle et modèle de voiture lancé par Simca en 1951 aronde
23%
(familier et vieux) Jeune fille de la ville, simple, sentimentale ou frivole - Jeune ouvrière parisienne de la couture et de la mode.- 9 lettres commençant par "m" midinette
19%
A quel compositeur doit-on la musique des films "Le docteur Jivago", "Lawrence d'Arabie", "Paris brûle-t-il ?" - prénom et nom Maurice Jarre
14%
Juge musulman remplissant des fonctions civiles, judiciaires et religieuses - 4 lettres commençant par "c" cadi
13%
Aucun quiz correspondant
Distribution des résultats
% des personnes avec chaque résultat
Percentile par nombre de réponses
Votre historique - résultats
Vous n’avez pas pris ce quiz